Shakti Paatayoga Rahasya Artharth Siddha Mahayoga Shastra (Record no. 346464)

MARC details
000 -LEADER
fixed length control field 003970000a22001570004500
005 - DATE AND TIME OF LATEST TRANSACTION
control field 20120302054733.0
040 ## - CATALOGING SOURCE
Original cataloging agency MAR
100 ## - MAIN ENTRY--PERSONAL NAME
Personal name Joshi,keshav Ramchandra
245 ## - TITLE STATEMENT
Title Shakti Paatayoga Rahasya Artharth Siddha Mahayoga Shastra
260 ## - PUBLICATION, DISTRIBUTION, ETC. (IMPRINT)
Place of publication, distribution, etc Pune:Siddha Yoga Prakashan,1973.
300 ## - PHYSICAL DESCRIPTION
Extent 382p.
365 ## - TRADE PRICE
Price amount 30/-
650 ## - SUBJECT ADDED ENTRY--TOPICAL TERM
Topical term or geographic name as entry element Dharma
650 ## - SUBJECT ADDED ENTRY--TOPICAL TERM
Topical term or geographic name as entry element Shaktipaatyoga Rahasya
942 ## - ADDED ENTRY ELEMENTS (KOHA)
Koha item type Book
Holdings
Withdrawn status Lost status Damaged status Not for loan Home library Current library Date acquired Total Checkouts Barcode Date last seen Price effective from
        Institute For Oriental Study, Thane Institute For Oriental Study, Thane 12/02/2009   IOS-2815 12/02/2009 12/02/2009